| 000 | 00335nam a2200121Ia 4500 | ||
|---|---|---|---|
| 008 | 190216s9999||||xx |||||||||||||| ||und|| | ||
| 100 | _aKrishna Nand Joshi | ||
| 245 | 2 | _aA Dictionary Of Mythological And Bibical Allusions In Literature | |
| 260 |
_bPrakash Book Depot _c1979 |
||
| 300 | _a182p | ||
| 650 | _aDictionaries | ||
| 942 | _cREF | ||
| 999 |
_c35486 _d35486 |
||